Internal environment of an agricultural farm
Poľnohospodárska produkcia spoločnosti Zemspol, Dnešná, s.r.o. v Česku. Spoločnosť možno charakterizovať ako silný podnik so stabilnou základňou, dobrým menom a kvalitnou ponukou v rastlinnej a živočíšnej produkcii.Aby si túto pozíciu spoločnosť udržala, je potrebné robiť priebežné analýzy vnútornéh...
Guardado en:
| Autor principal: | |
|---|---|
| Formato: | Capítulo de libro |
| Lenguaje: | inglés |
| Materias: | |
| Etiquetas: |
Sin Etiquetas, Sea el primero en etiquetar este registro!
|
MARC
| LEADER | 00000naa$a2200000$$$4500 | ||
|---|---|---|---|
| 001 | 0075005 | ||
| 005 | 20231129065430.8 | ||
| 041 | 0 | |a eng | |
| 044 | |a CZ | ||
| 245 | 1 | 0 | |a Internal environment of an agricultural farm |c Dagmar Kudová |
| 520 | |a Poľnohospodárska produkcia spoločnosti Zemspol, Dnešná, s.r.o. v Česku. Spoločnosť možno charakterizovať ako silný podnik so stabilnou základňou, dobrým menom a kvalitnou ponukou v rastlinnej a živočíšnej produkcii.Aby si túto pozíciu spoločnosť udržala, je potrebné robiť priebežné analýzy vnútorného a vonkajšieho prostredia. | ||
| 610 | 2 | 0 | |a podnik poľnohospodársky |
| 610 | 2 | 0 | |a prostredie podnikové |
| 610 | 2 | 0 | |a prostredie podnikateľské |
| 610 | 2 | 0 | |a analýzy |
| 100 | 1 | |a Kudová, Dagmar | |